[Event "6th FIDE Women Grand Prix"]
[Site "Doha QAT"]
[Date "2011.02.22"]
[EventDate "2011.02.22"]
[Round "1"]
[Result "0-1"]
[White "Antoaneta Stefanova"]
[Black "Yuhua Xu"]
[WhiteElo "2546"]
[BlackElo "2484"]
[PlyCount "98"]

1. d4 e6 2. c4 Nf6 3. g3 d5 4. Nf3 Bb4+ 5. Bd2 Be7 6. Bg2 O-O
7. O-O c6 8. Qc2 b6 9. Bf4 Nbd7 10. Rd1 Ba6 11. b3 Rc8 12. Nc3
h6 13. e4 dxc4 14. Qe2 Bb4 15. Rac1 b5 16. bxc4 bxc4 17. a3
Bxc3 18. Rxc3 Nb6 19. a4 Qe7 20. Qc2 Rfd8 21. a5 Nbd7 22. Bf1
Qb4 23. Nd2 Bb5 24. Rb1 Qxa5 25. Nxc4 Bxc4 26. Rxc4 Nb6
27. Bd2 Qh5 28. Rc5 Qg6 29. f3 Rxd4 30. Be3 Rd7 31. Rxc6 Rcd8
32. Rc5 Nh7 33. Bb5 Rd6 34. Rc7 Ng5 35. Be2 e5 36. Rxa7 Nd5
37. Bxg5 Qxg5 38. Qc5 Nf4 39. Bc4 Rd1+ 40. Rxd1 Rxd1+ 41. Bf1
Nh3+ 42. Kg2 Rc1 43. Qe7 Rc2+ 44. Kxh3 Qh5+ 45. Qh4 Qxf3
46. Qd8+ Kh7 47. Bd3 Rf2 48. Ra8 Qg2+ 49. Kg4 Rf4+ 0-1

[Event "6th FIDE Women Grand Prix"]
[Site "Doha QAT"]
[Date "2011.02.23"]
[EventDate "2011.02.22"]
[Round "2"]
[Result "0-1"]
[White "Lilit Mkrtchian"]
[Black "Antoaneta Stefanova"]
[WhiteElo "2475"]
[BlackElo "2546"]
[PlyCount "158"]

1. d4 d5 2. c4 c6 3. Nf3 Nf6 4. Nc3 a6 5. e3 g6 6. Bd3 Bg7
7. O-O O-O 8. h3 Bf5 9. Bxf5 gxf5 10. Qb3 Ra7 11. Bd2 e6
12. cxd5 cxd5 13. Na4 Nc6 14. Bb4 Nxb4 15. Qxb4 Nd7 16. Rfc1
Bf6 17. Qd6 Be7 18. Qg3+ Kh8 19. Qc7 a5 20. Rc2 Qe8 21. Nb6
Bd8 22. Qxd7 Bxb6 23. Qd6 Ra6 24. Qf4 Qe7 25. Ne5 f6 26. Nd3
Raa8 27. Rac1 Rad8 28. Rc3 Rf7 29. Rb3 Ba7 30. Nc5 b6 31. Nd3
Rg7 32. Rbc3 Bb8 33. Qf3 Rdg8 34. Rc6 b5 35. Rc8 Qd7 36. R8c6
e5 37. Ne1 e4 38. Qh5 Rg5 39. Qh4 Qg7 40. Kf1 Qg6 41. R1c5 Qe8
42. Qh6 R5g6 43. Qh5 Qd7 44. Qe2 f4 45. exf4 Qxh3 46. Qe3 Qd7
47. Qh3 Qxh3 48. gxh3 Bxf4 49. Rxd5 e3 50. Nd3 Bh6 51. Rf5 Re8
52. Rc2 exf2 53. Rcxf2 Be3 54. Rg2 Bxd4 55. Rxb5 Re3 56. Rxg6
hxg6 57. Nc5 Rxh3 58. Ne6 Be5 59. b3 Rh1+ 60. Kg2 Rh2+ 61. Kf3
Rxa2 62. Rb7 Rc2 63. Nf8 Rc3+ 64. Ke4 Rg3 65. Ra7 Bc3 66. Kd5
f5 67. Ne6 Kg8 68. Nf4 Bd2 69. Ne6 f4 70. Rg7+ Kh8 71. Rf7
Rxb3 72. Ke5 Re3+ 73. Kd5 Rg3 74. Ke5 a4 75. Ra7 a3 76. Nxf4
Rg5+ 77. Kf6 Bxf4 78. Rxa3 Rg1 79. Kf7 Kh7 0-1

[Event "6th FIDE Women Grand Prix"]
[Site "Doha QAT"]
[Date "2011.02.25"]
[EventDate "2011.02.22"]
[Round "4"]
[Result "1/2-1/2"]
[White "Koneru Humpy"]
[Black "Antoaneta Stefanova"]
[WhiteElo "2607"]
[BlackElo "2546"]
[PlyCount "94"]

1. d4 d5 2. c4 c6 3. Nc3 Nf6 4. e3 e6 5. Nf3 Nbd7 6. Qc2 Bd6
7. Bd3 O-O 8. O-O dxc4 9. Bxc4 a6 10. Rd1 c5 11. dxc5 Bxc5
12. Bd3 h6 13. b3 Qe7 14. Bb2 b6 15. Ne4 Bb7 16. Bxf6 Nxf6
17. Nxc5 Rfc8 18. Qe2 Rxc5 19. e4 e5 20. Nd2 Nh7 21. Nc4 Qc7
22. b4 Rc6 23. Ne3 Nf6 24. Nd5 Nxd5 25. exd5 Rf6 26. Rac1 Qe7
27. a3 Rd6 28. Bc4 Rad8 29. Bxa6 Bxd5 30. Qe3 Kh7 31. Re1 Re6
32. Bc4 Bxc4 33. Rxc4 f5 34. h3 e4 35. Qf4 Qf6 36. b5 Rd3
37. a4 Ra3 38. Rec1 e3 39. fxe3 Raxe3 40. Rc6 R3e4 41. Qf2 Qg5
42. Rf1 Rxc6 43. bxc6 Rc4 44. Qxb6 Rc2 45. Rf2 Rc1+ 46. Rf1
Rc2 47. Rf2 Rc1+ 1/2-1/2

[Event "6th FIDE Women Grand Prix"]
[Site "Doha QAT"]
[Date "2011.02.26"]
[EventDate "2011.02.22"]
[Round "5"]
[Result "1/2-1/2"]
[White "Antoaneta Stefanova"]
[Black "Martha Lorena Fierro Baquero"]
[WhiteElo "2546"]
[BlackElo "2353"]
[PlyCount "103"]

1. d4 Nf6 2. c4 g6 3. Nc3 Bg7 4. e4 d6 5. Nf3 O-O 6. Be2 c5
7. d5 Bg4 8. Bg5 Nbd7 9. Nd2 Bxe2 10. Qxe2 Qb6 11. Rb1 e5
12. O-O Nh5 13. g3 h6 14. Be3 Qd8 15. b4 cxb4 16. Rxb4 b6
17. Rc1 Nc5 18. a4 Nf6 19. Ra1 Nfd7 20. a5 f5 21. f3 h5
22. Rb2 h4 23. g4 h3 24. Rba2 bxa5 25. Rxa5 fxg4 26. fxg4 Qh4
27. Kh1 Bh6 28. g5 Bxg5 29. Bxg5 Qxg5 30. Rg1 Qh6 31. Nd1 Rf4
32. Ra3 Raf8 33. Rag3 R8f6 34. Rg5 Kg7 35. Rh5 Rf2 36. Nxf2
Rxf2 37. Qg4 Nf6 38. Rxh6 Nxg4 39. Rxh3 Rxd2 40. Rxg4 Nd3
41. Kg1 Nf2 42. Rgh4 Nxh3+ 43. Rxh3 Rd4 44. Ra3 Rxc4 45. Rxa7+
Kf6 46. Rd7 Rxe4 47. Rxd6+ Kf5 48. Rd8 Rd4 49. Kf2 e4 50. d6
Ke6 51. Ke3 Rxd6 52. Rxd6+ 1/2-1/2

[Event "6th FIDE Women Grand Prix"]
[Site "Doha QAT"]
[Date "2011.02.28"]
[EventDate "2011.02.22"]
[Round "6"]
[Result "1-0"]
[White "Pia Cramling"]
[Black "Antoaneta Stefanova"]
[WhiteElo "2516"]
[BlackElo "2546"]
[PlyCount "189"]

1. d4 d5 2. c4 c6 3. Nc3 e6 4. Nf3 dxc4 5. Bg5 Qa5 6. e4 b5
7. Be2 Nf6 8. Qb1 Nbd7 9. O-O h6 10. Be3 b4 11. Nd1 Ba6
12. Re1 Be7 13. Nd2 Nb6 14. Nb3 Qb5 15. Nc5 Bxc5 16. dxc5 Nbd7
17. b3 Qa5 18. Qc1 c3 19. Bxa6 Qxa6 20. a3 Qd3 21. f3 c2
22. Nf2 Qxb3 23. axb4 Qxb4 24. Qxc2 Qb8 25. Ra6 Ne5 26. Rb1
Qc7 27. Qc3 Ned7 28. Nd3 e5 29. Rba1 O-O 30. Qa5 Qb7 31. Rxa7
Rxa7 32. Qxa7 Qb3 33. Qa3 Rb8 34. Qxb3 Rxb3 35. Rd1 Kf8
36. Kf2 Ke7 37. Ke2 Ne8 38. Ra1 Nc7 39. Kd2 Kd8 40. Kc2 Rb5
41. Kc3 Kc8 42. Kc4 Kb7 43. Nb4 Nb8 44. Rd1 Ra5 45. Rd8 Ra3
46. Nc2 Ra4+ 47. Kb3 Ra5 48. Rf8 f6 49. Rf7 Nba6 50. Rxg7
Nxc5+ 51. Bxc5 Rxc5 52. Rf7 Kb6 53. Rxf6 Nb5 54. Rxh6 Nc3
55. Rd6 Ne2 56. Rd2 Rb5+ 57. Kc4 Nc1 58. Na3 Ra5 59. Kc3 Rxa3+
60. Kb2 Ra1 61. Rc2 Nb3 62. Kxb3 Kb5 63. Kc3 Rg1 64. Rb2+ Kc5
65. Kd3 Rd1+ 66. Ke3 Kc4 67. Rc2+ Kb5 68. g3 c5 69. f4 c4
70. fxe5 Kb4 71. e6 Rd6 72. e7 Re6 73. Rb2+ Kc5 74. Rb7 Kc6
75. Rb8 Rxe7 76. Kd4 Rh7 77. Kxc4 Rxh2 78. Kd4 Kd6 79. Rb6+
Ke7 80. Ke5 Rh5+ 81. Kf4 Kf7 82. g4 Ra5 83. Rd6 Rb5 84. Rd5
Rb1 85. g5 Rf1+ 86. Ke5 Kg6 87. Kd6 Re1 88. e5 Kxg5 89. Rd2
Kg6 90. e6 Ra1 91. e7 Ra6+ 92. Kd7 Ra7+ 93. Ke8 Kg7 94. Rg2+
Kf6 95. Kf8 1-0

[Event "6th FIDE Women Grand Prix"]
[Site "Doha QAT"]
[Date "2011.03.01"]
[EventDate "2011.02.22"]
[Round "7"]
[Result "0-1"]
[White "Antoaneta Stefanova"]
[Black "Nana Dzagnidze"]
[WhiteElo "2546"]
[BlackElo "2550"]
[PlyCount "36"]

1. Nf3 Nf6 2. c4 e6 3. g3 d5 4. b3 d4 5. e3 Nc6 6. Bg2 e5
7. O-O Bg4 8. h3 Bh5 9. g4 Bg6 10. exd4 e4 11. Nh4 Qxd4
12. Nc3 O-O-O 13. Nxg6 hxg6 14. g5 Nh5 15. Rb1 Kb8 16. Bb2 Nf4
17. Nd5 Rxd5 18. Bxd4 Rxg5 0-1

[Event "6th FIDE Women Grand Prix"]
[Site "Doha QAT"]
[Date "2011.03.02"]
[EventDate "2011.02.22"]
[Round "8"]
[Result "1/2-1/2"]
[White "Antoaneta Stefanova"]
[Black "Marie Sebag"]
[WhiteElo "2546"]
[BlackElo "2489"]
[PlyCount "129"]

1. d4 d5 2. Bf4 c5 3. e3 Nc6 4. c3 Qb6 5. Qb3 Nf6 6. Nd2 Bf5
7. dxc5 Qxb3 8. axb3 e5 9. Bg3 Bxc5 10. Ngf3 e4 11. Nd4 Nxd4
12. exd4 Bb6 13. Be2 O-O 14. b4 Bg4 15. Bxg4 Nxg4 16. h3 Nf6
17. Nb3 Nh5 18. Bd6 Rfd8 19. Bh2 f5 20. g4 fxg4 21. hxg4 Nf6
22. g5 Ne8 23. Nc5 Nd6 24. Ke2 Bxc5 25. bxc5 Nb5 26. Be5 Rd7
27. Rh3 Rf8 28. Rah1 g6 29. Rh6 Rf5 30. Bf6 Nc7 31. Ra1 a6
32. b4 Rf3 33. Rc1 Nb5 34. c4 Nc3+ 35. Rxc3 Rxc3 36. cxd5 Rxd5
37. Rh4 Rb3 38. Rxe4 Rxb4 39. Re8+ Kf7 40. Re7+ Kf8 41. Rxh7
Rb3 42. Be5 a5 43. Kd2 a4 44. Kc2 Rb5 45. f4 Rb3 46. Rh8+ Kf7
47. Ra8 Rd7 48. Rxa4 Rf3 49. Rb4 Ke6 50. Rb6+ Kf5 51. Rf6+ Ke4
52. Rxg6 Rd8 53. Rb6 Ra8 54. Rxb7 Ra2+ 55. Kb1 Rff2 56. d5
Kxd5 57. Bb2 Ra4 58. g6 Raxf4 59. g7 Rg2 60. Rb8 Rfg4 61. Rc8
Rxg7 62. Bxg7 Rxg7 63. Kb2 Rb7+ 64. Kc3 Rb5 65. c6 1/2-1/2

[Event "6th FIDE Women Grand Prix"]
[Site "Doha QAT"]
[Date "2011.03.03"]
[EventDate "2011.02.22"]
[Round "9"]
[Result "1/2-1/2"]
[White "Maia Chiburdanidze"]
[Black "Antoaneta Stefanova"]
[WhiteElo "2502"]
[BlackElo "2546"]
[PlyCount "102"]

1. d4 d5 2. Nf3 Nf6 3. c4 c6 4. e3 Bf5 5. Nc3 e6 6. Nh4 Be4
7. f3 Bg6 8. Qb3 Qc7 9. g3 Be7 10. Nxg6 hxg6 11. Bd2 a6
12. Rc1 dxc4 13. Qxc4 Nbd7 14. f4 c5 15. Bg2 Rd8 16. b4 Nb6
17. Qb3 cxd4 18. Nb5 Qb8 19. Nxd4 e5 20. Nf3 exf4 21. exf4
Nbd5 22. Ne5 g5 23. O-O gxf4 24. gxf4 Qa7+ 25. Kh1 Qb6
26. Rce1 O-O 27. a3 a5 28. Nc4 Qd4 29. Be3 Nxe3 30. Rxe3 a4
31. Qc3 Qxc3 32. Rxc3 b5 33. Ne5 Rd2 34. Bc6 Rb8 35. Rfc1 g6
36. Rf1 Kg7 37. f5 Bd6 38. Nf3 Ra2 39. fxg6 Rh8 40. gxf7 Bxh2
41. Nxh2 Raxh2+ 42. Kg1 R2h5 43. Bg2 Kxf7 44. Rc7+ Kg6 45. Rc6
Rf8 46. Rf3 Rg5 47. Rb6 Rf7 48. Kf1 Kg7 49. Rf4 Kg6 50. Rf3
Kg7 51. Rf4 Kg6 1/2-1/2

[Event "6th FIDE Women Grand Prix"]
[Site "Doha QAT"]
[Date "2011.03.04"]
[EventDate "2011.02.22"]
[Round "10"]
[Result "1/2-1/2"]
[White "Antoaneta Stefanova"]
[Black "Batkhuyag Munguntuul"]
[WhiteElo "2546"]
[BlackElo "2410"]
[PlyCount "85"]

1. d4 d5 2. Bf4 c5 3. e3 Nc6 4. c3 Nf6 5. Nd2 Bf5 6. Qb3 Qc8
7. dxc5 e5 8. Bg3 Bxc5 9. Ngf3 Bd6 10. Bb5 O-O 11. Bxc6 bxc6
12. Bxe5 Bxe5 13. Nxe5 Re8 14. Nef3 Qa6 15. c4 Rab8 16. Qc3
dxc4 17. Qxc4 Qa5 18. O-O Rxb2 19. Nb3 Qd5 20. Qa4 Be4
21. Rfd1 Qh5 22. Rd2 Rxd2 23. Nbxd2 Qc5 24. Nxe4 Nxe4 25. Nd4
Rc8 26. Nb3 Qc2 27. f3 Nc5 28. Qxa7 Nxb3 29. Qb7 Rd8 30. Qxb3
Qe2 31. Qb6 Qd2 32. a4 h6 33. a5 c5 34. Qxc5 Qe2 35. h4 Rd2
36. Qc8+ Kh7 37. Qg4 Qxe3+ 38. Kh1 Rd4 39. Qf5+ Kg8 40. Qc8+
Kh7 41. Qf5+ Kg8 42. Qc8+ Kh7 43. Qf5+ 1/2-1/2

[Event "6th FIDE Women Grand Prix"]
[Site "Doha QAT"]
[Date "2011.03.05"]
[EventDate "2011.02.22"]
[Round "11"]
[Result "1/2-1/2"]
[White "Elina Danielian"]
[Black "Antoaneta Stefanova"]
[WhiteElo "2454"]
[BlackElo "2546"]
[PlyCount "55"]

1. d4 d5 2. c4 c6 3. Nc3 Nf6 4. e3 e6 5. Nf3 Nbd7 6. Qc2 Bd6
7. Be2 O-O 8. O-O dxc4 9. Bxc4 a6 10. Rd1 b5 11. Be2 Qc7
12. e4 e5 13. g3 Re8 14. a3 exd4 15. Nxd4 Be5 16. Bf3 c5
17. Nf5 Nb6 18. a4 b4 19. a5 bxc3 20. axb6 Qxb6 21. bxc3 Rb8
22. Bd2 Qb3 23. Qc1 Bb7 24. Rb1 Qa4 25. Ra1 Qb3 26. Rb1 Qa4
27. Ra1 Qb3 28. Rb1 1/2-1/2

[Event "Russian Team Championships (Women)"]
[Site "Olginka RUS"]
[Date "2011.04.17"]
[EventDate "2011.04.16"]
[Round "2"]
[Result "1/2-1/2"]
[White "Antoaneta Stefanova"]
[Black "Natalia Zhukova"]
[WhiteElo "2523"]
[BlackElo "2443"]
[PlyCount "42"]

1. d4 d5 2. Nf3 Nf6 3. e3 g6 4. c4 Bg7 5. Nbd2 O-O 6. b4 b6
7. Bb2 c5 8. dxc5 bxc5 9. bxc5 Qa5 10. cxd5 Nxd5 11. Bxg7 Kxg7
12. Rc1 Rd8 13. Bc4 Qxc5 14. O-O e6 15. e4 Nf4 16. g3 Nh3+
17. Kg2 Qh5 18. Qb3 Nd7 19. Qe3 Nf6 20. Be2 Ng4 21. Qc3+ Kg8
1/2-1/2

[Event "Russian Team Championships (Women)"]
[Site "Olginka RUS"]
[Date "2011.04.18"]
[EventDate "2011.04.16"]
[Round "3"]
[Result "0-1"]
[White "Viktorija Cmilyte"]
[Black "Antoaneta Stefanova"]
[WhiteElo "2526"]
[BlackElo "2523"]
[PlyCount "134"]

1. d4 d5 2. c4 c6 3. Nf3 Nf6 4. Nc3 a6 5. e3 e6 6. b3 Bb4
7. Bd2 Nbd7 8. Bd3 O-O 9. O-O Qe7 10. Qc2 dxc4 11. bxc4 e5
12. Ne4 Bxd2 13. Nexd2 Re8 14. Ng5 h6 15. Nge4 Nxe4 16. Nxe4
c5 17. Rfe1 f5 18. Nc3 e4 19. Nd5 Qd6 20. Bf1 b6 21. Rab1 Bb7
22. dxc5 Qxc5 23. Red1 Re6 24. Qb2 Rf8 25. Nf4 Rd6 26. h4 Rff6
27. Nh5 Rg6 28. Nf4 Rgf6 29. Nh5 Rg6 30. Rxd6 Qxd6 31. Nf4 Rf6
32. Nh5 Rg6 33. Nf4 Rf6 34. h5 Nc5 35. Qd4 Qc7 36. Rd1 Bc6
37. Ng6 Be8 38. Qd8 Qxd8 39. Rxd8 Kf7 40. Ra8 Rd6 41. Ra7+ Kf6
42. Nf4 Bf7 43. Be2 Rd2 44. Rc7 Rxa2 45. Rc6+ Ke7 46. Rxb6 Kd7
47. Rb8 a5 48. Ra8 a4 49. Ra7+ Ke8 50. Ra5 Ne6 51. c5 Nc7
52. Ra7 Kd8 53. Kh2 a3 54. Ra4 Ra1 55. Bc4 Bxc4 56. Rxc4 Rf1
57. Ra4 Nb5 58. Ra5 Kd7 59. Ne2 Rxf2 60. Nd4 Nxd4 61. exd4 Rd2
62. Rxa3 f4 63. Ra7+ Ke6 64. Rxg7 e3 65. c6 e2 66. c7 Rc2
67. d5+ Kxd5 0-1

[Event "Russian Team Championships (Women)"]
[Site "Olginka RUS"]
[Date "2011.04.19"]
[EventDate "2011.04.16"]
[Round "4"]
[Result "0-1"]
[White "Alisa Galliamova"]
[Black "Antoaneta Stefanova"]
[WhiteElo "2497"]
[BlackElo "2523"]
[PlyCount "88"]

1. d4 d5 2. c4 c6 3. e3 Nf6 4. Qc2 g6 5. Bd3 Bg7 6. Nf3 O-O
7. O-O b6 8. Nbd2 Na6 9. a3 c5 10. b3 Bb7 11. Bb2 Rc8 12. Rac1
cxd4 13. exd4 Nh5 14. Rfe1 Rc7 15. Ne5 Nf4 16. Bf1 dxc4
17. bxc4 Qa8 18. g3 Qc8 19. f3 Nh3+ 20. Kg2 Ng5 21. Qb3 f6
22. c5+ Kh8 23. c6 Ba8 24. Nd7 Re8 25. d5 Nb8 26. Nxb8 Qxb8
27. Ne4 Nf7 28. g4 Rf8 29. Bc3 Nd8 30. Bb4 Nf7 31. Ng3 Ne5
32. h3 a5 33. Bc3 e6 34. f4 Nxc6 35. dxc6 Rxc6 36. Kh2 Qxf4
37. Bg2 Rd6 38. Rf1 Qe3 39. Rce1 Rd2 40. Rg1 Qxe1 41. Bxd2
Qxd2 42. Qxe6 b5 43. Qa6 f5 44. gxf5 Bd4 0-1

[Event "Russian Team Championships (Women)"]
[Site "Olginka RUS"]
[Date "2011.04.21"]
[EventDate "2011.04.16"]
[Round "5"]
[Result "1-0"]
[White "Antoaneta Stefanova"]
[Black "Evgenija Ovod"]
[WhiteElo "2523"]
[BlackElo "2405"]
[PlyCount "69"]

1. d4 Nf6 2. Nf3 e6 3. e3 c5 4. Bd3 d5 5. b3 Nc6 6. O-O Rb8
7. Nbd2 b5 8. c4 bxc4 9. bxc4 cxd4 10. exd4 Be7 11. c5 Qa5
12. a4 a6 13. Nb3 Qc3 14. Ra3 Qb4 15. Qe2 Ra8 16. Bb2 O-O
17. Rb1 Nd7 18. Bc1 Bf6 19. Ra2 Qb8 20. Na5 Qc7 21. Nxc6 Qxc6
22. Bf4 Re8 23. Bd6 g6 24. Qe3 Ra7 25. h4 Bg7 26. h5 gxh5
27. Qg5 h6 28. Qxh5 Nf6 29. Qh4 Ne4 30. Ne5 Bxe5 31. Bxe5 f6
32. Bxf6 e5 33. Bxe4 dxe4 34. Qxh6 Rc7 35. Rb6 1-0

[Event "Russian Team Championships (Women)"]
[Site "Olginka RUS"]
[Date "2011.04.23"]
[EventDate "2011.04.16"]
[Round "7"]
[Result "0-1"]
[White "Antoaneta Stefanova"]
[Black "Alexandra Kosteniuk"]
[WhiteElo "2523"]
[BlackElo "2503"]
[PlyCount "84"]

1. Nf3 Nf6 2. c4 e6 3. g3 d5 4. b3 b6 5. Bg2 Bb7 6. O-O c5
7. e3 g6 8. Bb2 Bg7 9. Ne5 O-O 10. f4 Qc8 11. Qe2 Rd8 12. g4
Nc6 13. g5 Ne8 14. d3 dxc4 15. bxc4 Nb4 16. Bxb7 Qxb7 17. Rd1
h5 18. gxh6 Bxh6 19. h4 Bg7 20. h5 gxh5 21. a3 Nc6 22. Qxh5 f6
23. Ng6 Ne7 24. Nh4 b5 25. cxb5 Qxb5 26. Qe2 Rab8 27. Rd2 Qa5
28. Kf2 Rb3 29. d4 Nd6 30. e4 cxd4 31. Kg2 Re3 32. Qg4 Rxe4
33. Rxd4 Qb6 34. Rb4 Rxb4 35. axb4 Nc4 36. Bc1 f5 37. Qg5 Rd1
38. Nf3 Nd5 39. Na3 Nce3+ 40. Kg3 Ng4 41. Ra2 Rxc1 42. Qg6
Ndf6 0-1

[Event "39th Greek Teams"]
[Site "Eretria GRE"]
[Date "2011.07.03"]
[EventDate "2011.07.03"]
[Round "1.3"]
[Result "1-0"]
[White "Antoaneta Stefanova"]
[Black "Iva Videnova"]
[WhiteElo "2524"]
[BlackElo "2353"]
[PlyCount "63"]

1. d4 Nf6 2. Nf3 e6 3. e3 b6 4. Bd3 Bb7 5. O-O g6 6. a4 Bg7
7. a5 O-O 8. b4 bxa5 9. bxa5 Ba6 10. c4 d6 11. Nc3 c5 12. Nb5
Nc6 13. Ba3 Qe7 14. Qa4 Rfc8 15. Nd2 e5 16. dxc5 dxc5 17. Ne4
Nd7 18. Nbd6 f5 19. Nxc5 Nxc5 20. Bxc5 e4 21. Nxe4 Qh4 22. Nd6
Ne5 23. Nxc8 Rxc8 24. Be2 Bb7 25. Bd4 f4 26. f3 fxe3 27. Bxe3
Nf7 28. Bf2 Qh5 29. Qd7 Ba6 30. Qxa7 Bxa1 31. Qxa6 Re8
32. Rxa1 1-0

[Event "39th Greek Teams"]
[Site "Eretria GRE"]
[Date "2011.07.04"]
[EventDate "2011.07.03"]
[Round "2.13"]
[Result "0-1"]
[White "Despina Pavlogianni"]
[Black "Antoaneta Stefanova"]
[WhiteElo "1925"]
[BlackElo "2524"]
[PlyCount "34"]

1. e4 c6 2. d4 d5 3. exd5 cxd5 4. Bf4 Nc6 5. c3 Nf6 6. Nd2 Bf5
7. Ngf3 a6 8. a4 h6 9. Ne5 Rc8 10. Be2 e6 11. g4 Bh7 12. h4
Nxd4 13. Bd3 Bxd3 14. Nxd3 Nc6 15. Qf3 Nd7 16. O-O-O Qa5
17. Rhe1 Nd4 0-1

[Event "39th Greek Teams"]
[Site "Eretria GRE"]
[Date "2011.07.04"]
[EventDate "2011.07.03"]
[Round "3.8"]
[Result "0-1"]
[White "Eleni Stoumbou"]
[Black "Antoaneta Stefanova"]
[WhiteElo "1873"]
[BlackElo "2524"]
[PlyCount "60"]

1. e4 c6 2. d4 d5 3. exd5 cxd5 4. c3 Qc7 5. Bd3 Nf6 6. Bg5 Bg4
7. Nf3 Nc6 8. Nbd2 e6 9. Qc2 Bd6 10. O-O h6 11. Bh4 Nh5
12. Bg3 Nxg3 13. hxg3 O-O 14. Nh2 Bh5 15. f4 f6 16. Bg6 Bxg6
17. Qxg6 Ne7 18. Qg4 Nf5 19. Rae1 Qf7 20. Re2 Rae8 21. Rfe1 g5
22. Nhf1 Ng7 23. Ne3 Qc7 24. f5 Bxg3 25. Rf1 h5 26. Qh3 g4
27. Nxg4 hxg4 28. Qxg4 exf5 29. Qf3 Rxe2 30. Qxe2 f4 0-1

[Event "39th Greek Teams"]
[Site "Eretria GRE"]
[Date "2011.07.05"]
[EventDate "2011.07.03"]
[Round "4.12"]
[Result "1-0"]
[White "Antoaneta Stefanova"]
[Black "Michelle Shamash"]
[WhiteElo "2524"]
[BlackElo "1752"]
[PlyCount "97"]

1. d4 d5 2. Bf4 Nf6 3. e3 c6 4. Bd3 e6 5. Nf3 Bd6 6. Ne5 Qc7
7. Bg3 Nbd7 8. f4 c5 9. c3 Qb6 10. b3 Qa5 11. Qf3 cxd4
12. exd4 Qc7 13. O-O Nb8 14. Nd2 Nc6 15. Rae1 O-O 16. Bh4 Be7
17. Qh3 g6 18. Bg5 Ne8 19. Bh6 Ng7 20. Ng4 f5 21. Nf2 Rf7
22. Nf3 Nh5 23. g3 Bf8 24. Bxf8 Rxf8 25. Ng5 Nd8 26. c4 Nf6
27. cxd5 exd5 28. Qh6 Nf7 29. Nxf7 Qxf7 30. Re5 Bd7 31. Rfe1
Rfe8 32. Qh4 Rac8 33. Nh3 Rxe5 34. fxe5 Ne4 35. Ng5 Nxg5
36. Qxg5 Re8 37. Rc1 Bc6 38. b4 a6 39. h4 Qe7 40. Qxe7 Rxe7
41. Bxa6 Be8 42. Be2 Bf7 43. a4 Be6 44. b5 Kf8 45. a5 Ke8
46. b6 Kd8 47. a6 bxa6 48. Bxa6 Re8 49. b7 1-0

[Event "39th Greek Teams"]
[Site "Eretria GRE"]
[Date "2011.07.06"]
[EventDate "2011.07.03"]
[Round "5.8"]
[Result "0-1"]
[White "Zoi Toumbeli"]
[Black "Antoaneta Stefanova"]
[WhiteElo "1951"]
[BlackElo "2524"]
[PlyCount "40"]

1. d4 d5 2. Nf3 Nf6 3. Bg5 Ne4 4. Bf4 c5 5. e3 Qb6 6. Qc1 Nc6
7. c3 f6 8. Nbd2 g5 9. Bg3 h5 10. h4 Nxg3 11. fxg3 g4 12. Ng1
Bh6 13. Nb3 cxd4 14. cxd4 e5 15. Qc3 Kf7 16. Kf2 Re8 17. Qc5
exd4 18. Qxd5+ Kg7 19. Qxh5 Bxe3+ 20. Ke1 Re5 0-1

[Event "39th Greek Teams"]
[Site "Eretria GRE"]
[Date "2011.07.07"]
[EventDate "2011.07.03"]
[Round "6.6"]
[Result "1-0"]
[White "Antoaneta Stefanova"]
[Black "Lyubka Georgieva Genova"]
[WhiteElo "2524"]
[BlackElo "2270"]
[PlyCount "55"]

1. d4 g6 2. Nf3 Bg7 3. g3 Nf6 4. Bg2 O-O 5. O-O d6 6. a4 a5
7. Re1 Nbd7 8. e4 e5 9. Nc3 Re8 10. h3 b6 11. Be3 Bb7 12. d5
Qe7 13. Qd2 c6 14. dxc6 Bxc6 15. Nh2 Nc5 16. Bh6 Qd7 17. b3
Rac8 18. Rad1 Bxh6 19. Qxh6 Ne6 20. Nf3 Qc7 21. Bf1 Nd4
22. Ng5 Nxc2 23. Bc4 Rf8 24. Rf1 Qe7 25. Rd3 Nd4 26. f4 Ne6
27. fxe5 dxe5 28. Rxf6 1-0

[Event "39th Greek Teams"]
[Site "Eretria GRE"]
[Date "2011.07.08"]
[EventDate "2011.07.03"]
[Round "7.6"]
[Result "0-1"]
[White "Maria-anna Haritopoulou"]
[Black "Antoaneta Stefanova"]
[WhiteElo "1656"]
[BlackElo "2524"]
[PlyCount "88"]

1. d4 d5 2. c4 c6 3. e3 Nf6 4. Nc3 a6 5. a4 e6 6. cxd5 exd5
7. Nf3 a5 8. Bd3 Bg4 9. h3 Bh5 10. O-O Bb4 11. Bd2 Qc8 12. Re1
O-O 13. e4 dxe4 14. Bxe4 Nxe4 15. Nxe4 Na6 16. Bc3 Rd8
17. Ned2 Qc7 18. Qc2 f6 19. Re3 Bg6 20. Qb3+ Bf7 21. Qc2 Bd6
22. b3 Nb4 23. Bxb4 Bxb4 24. Nc4 Rd7 25. Qb2 Rad8 26. Rd1 c5
27. Red3 Bg6 28. Re3 cxd4 29. Re2 Bc3 30. Qa3 Bf7 31. Nfd2 Bh5
32. f3 d3 33. Ree1 Bd4+ 34. Kh1 Ba7 35. Ne3 Bb8 36. Nef1 Qb6
37. Ne4 Bf7 38. Ned2 Qf2 39. Ne4 Qh4 40. Ned2 Bd6 41. Qb2 Bb4
42. Re4 Qf2 43. Ree1 Rc7 44. Qb1 Rc2 0-1

[Event "FIDE Women's Grand Prix"]
[Site "Rostov-on-Don RUS"]
[Date "2011.08.02"]
[EventDate "2011.08.01"]
[Round "1"]
[Result "1/2-1/2"]
[White "Antoaneta Stefanova"]
[Black "Ruan Lufei"]
[WhiteElo "2524"]
[BlackElo "2479"]
[PlyCount "196"]

1. d4 d5 2. c4 c6 3. Nf3 Nf6 4. Nbd2 Bf5 5. Nh4 Bg6 6. Qb3 Qc7
7. Nxg6 hxg6 8. g3 e6 9. Bg2 Nbd7 10. O-O Be7 11. e4 dxe4
12. Nxe4 Nxe4 13. Bxe4 e5 14. Be3 exd4 15. Bxd4 O-O 16. Bg2
Bc5 17. Bc3 Rad8 18. Qa4 Nf6 19. b4 Bd4 20. Bxd4 Rxd4 21. Qxa7
Rxc4 22. Rab1 Qb8 23. Qxb8 Rxb8 24. a4 Ne4 25. a5 Nd2 26. Rfc1
Nxb1 27. Rxc4 Rd8 28. Rc1 Na3 29. a6 bxa6 30. Rxc6 Nb1 31. Bf1
Rb8 32. Bc4 Nd2 33. Bd5 Rxb4 34. Rxa6 Rb8 35. Ra7 Rf8 36. Rb7
Rd8 37. Bxf7+ Kh7 38. Rb4 Rd4 39. Rxd4 Nf3+ 40. Kg2 Nxd4
41. h4 Kh6 42. f4 Nf5 43. Kh3 Kh7 44. g4 Nd6 45. Bd5 Kh8
46. Kg3 Nc8 47. Kf3 Ne7 48. Bb3 Kh7 49. Ke4 Nc6 50. Kd5 Nb8
51. Kd6 Na6 52. Bc2 Kh6 53. Be4 Nb4 54. Ke7 Na2 55. Kf7 Kh7
56. Bxg6+ Kh8 57. Bc2 Nc3 58. f5 Nd5 59. g5 Nf4 60. Be4 Nh5
61. Bf3 Nf4 62. Bg4 Nd3 63. Kf8 Ne5 64. Bf3 Ng6+ 65. Ke8 Nxh4
66. Be4 Ng6 67. Kf7 Nf4 68. Ke7 Nh3 69. g6 Nf4 70. Kf7 Nh5
71. Bd5 Nf6 72. Be6 Ng8 73. Kf8 Nf6 74. Ke7 Ne4 75. Bd5 Nf6
76. Bf3 Ng8+ 77. Ke6 Nf6 78. Bc6 Nh5 79. Be8 Nf6 80. Bf7 Nh5
81. Ke5 Nf6 82. Bb3 Nd7+ 83. Kd6 Nf6 84. Ke5 Nd7+ 85. Ke6 Nf6
86. Bc4 Ng8 87. Bd5 Nf6 88. Bf3 Ng8 89. Bd1 Nf6 90. Kf7 Ng8
91. Ke6 Nf6 92. Bb3 Ng8 93. Bc4 Nf6 94. Kd6 Nh5 95. Ke5 Nf6
96. Kf4 Nd5+ 97. Kg5 Nf6 98. Kf4 Nd5+ 1/2-1/2